| 000 | 00650nam a22001937a 4500 | ||
|---|---|---|---|
| 082 | _aP-870 | ||
| 100 |
_aCapt Muhammad Kamran _936129 |
||
| 245 |
_aIndustrial Waste Water Treatment and design _bA Case Study of Ghee Mill |
||
| 260 |
_aRisalpur, _bMCE, _c2020. |
||
| 300 |
_aix,51 pages. _c30 cm. |
||
| 526 |
_a0 _b0 _c0 _dP_870 |
||
| 650 |
_aWater Resources Engineering _bSyn-31 _936130 |
||
| 700 |
_aCapt Muhammad Abdul Qadir _936133 |
||
| 700 |
_aCapt Muhammad Hasnain Farooq _936132 |
||
| 700 |
_aCapt Syed Ahsan Rizwan _936134 |
||
| 700 |
_aCapt Syed Kashif Hussain Shah Kazmi _936131 |
||
| 700 | _aSupervisor Dr Arshad Ali | ||
| 942 |
_2ddc _cBK |
||
| 999 |
_c554442 _d554442 |
||